Unternehmen anhand ihres Aktienkurses erkennen #1 - Statistiken

Allgemein
  • Dieses Quiz wurde 75 mal gespielt
  • Das Durchschnittsergebnis liegt bei 3 aus 12
Antwortstatistiken
Bildquiz Antwort % Korrekt
Apple
76%
Nvidia
52%
Tesla
36%
Meta
34%
Amazon
31%
Alphabet
21%
Microsoft
21%
Volkswagen
21%
Berkshire Hathaway
10%
Mercedes-Benz
9%
Adidas
5%
Coca-Cola
3%
Keine übereinstimmenden Quizze gefunden
Verteilung der Resultate
Anzahl Personen mit jedem Resultat
Perzentil nach korrekt beantworteten Fragen
Ihre Resultats-Entwicklung
Sie haben dieses Quiz noch nicht gespielt